000 00962nam a2200265 i 4500
001 7581
003 ES-MaACL
005 20250827062553.0
007 t|
008 910305s1990 sp l |||| | spa d
020 _a84-7016-502-X
080 _a347.725(46)"1989.12.22"
080 _a347.7(46)(094.4)
110 1 _aEspaña
_93622
240 1 0 _aLey de sociedades anónimas, 1989
245 1 0 _aLey de sociedades anónimas
_b: texto refundido, BOE 27 de diciembre 1989 ; Registro Mercantil : reglamento, BOE 30 de diciembre 1989 y BOE 9 de enero 1990.
246 3 0 _aRegistro mercantil
260 _aPamplona :
_bAranzadi,
_cD.L. 1990.
300 _a108 p. ;
_c24 cm.
650 1 4 _aSociedades anónimas-
_zEspaña-
_yLegislación.
_917184
650 1 4 _aRegistro mercantil-
_zEspaña-
_vLegislación.
_916770
710 1 _aEspaña.
_bMinisterio de Justicia.
_tReglamento del Registro Mercantil.
_93900
852 _aES-MaACL
_jL-14870
999 _c7581
_d7581